000 00377nam a2200145Ia 4500
008 230718s9999 xx 000 0 und d
041 _aeng
082 _a658.403
_bDEY
100 _aDey S.
_9161810
245 _aSlog Book
_bThe Gd Pi Workbook
260 _bIms Learning
365 _cRs.
_b200.00
700 _aDey S. & Sekhri A.
_9189977
906 _dB:26724-Apr-2008
_cIT
_b40
999 _c318860
_d318860